01371cam a22004214i 4500003000900000005001700009008004100026020001500067035002700082040003300109082001900142245012500161264005900286300003800345336002100383337002500404338002300429490007400452504002800526505020200554526001000756526001000766526000900776526000900785526000900794526000900803526000900812526000900821526000900830526000800839526000800847526000800855526000800863526000800871600002900879700002000908700002100928PE-LiUPU20250731165514.0150623s r 000 0 d a1841272183 a(Sirsi) i9781841272184 aPE-LiUPUbspacPE-LiUPUerda04a225.077bJ22110aJesus, Mark and Q: the teaching of Jesus and its earliest records.n214 /ceditado por Michael Labahn & Andreas Schmidt. 1aSheffield, England :bSheffield Academic Press,c2001. a296 páginas ;c24 centímetros atext2rdacontent aunmediated2rdamedia avolume2rdacarrier0 aJournal for the study of the New Testament. Supplement series ;v214 aIncluye bibliografía.0 aMark and Q. -The historical Jesus in new research. -Recent trends in the historical and sociological portraid of Jesus. -Theological and hermeneutical investigations into the proclamation of Jesus. aSEG44 aSEG26 aP151 aP150 aP149 aP146 aP145 aP126 aP125 aP92 aP75 aP74 aP27 aP151 aJesucristoxEnseñanzas1 aLabahn, Michael1 aSchmidt, Andreas